Fr. Conceicao Rodrigues College of Engineering

Basic Electronics:Text lab manual (Record no. 27018)

MARC details
000 -LEADER
fixed length control field 00322nam a2200145Ia 4500
082 ## - DEWEY DECIMAL CLASSIFICATION NUMBER
Classification number 621.381
Item number ZBA
100 ## - MAIN ENTRY--PERSONAL NAME
Personal name Zbar/ P.B.
250 ## - EDITION STATEMENT
Edition statement 7
245 ## - TITLE STATEMENT
Title Basic Electronics:Text lab manual
260 ## - PUBLICATION, DISTRIBUTION, ETC.
Name of publisher, distributor, etc. Tata Mc Graw hill
Place of publication, distribution, etc. New Delhi
Date of publication, distribution, etc. 1994
300 ## - PHYSICAL DESCRIPTION
Extent 381
546 ## - LANGUAGE NOTE
Language note ENGLISH
654 ## - SUBJECT ADDED ENTRY--FACETED TOPICAL TERMS
Focus term electronics
942 ## - ADDED ENTRY ELEMENTS (KOHA)
Koha item type BOOK
Holdings
Withdrawn status Lost status Damaged status Not for loan Collection Home library Current library Date acquired Total Checkouts Full call number Barcode Date last seen Price effective from Koha item type
        CRC Fr. Agnel's C.Rodrigues College of Engineering Fr. Agnel's C.Rodrigues College of Engineering 17/03/2023   621.381 ZBA 12801 17/03/2023 17/03/2023 BOOK